000 00433nam a2200157Ia 4500
008 230312s9999||||xx |||||||||||||| ||und||
020 _a81-7758-333-6
082 _a512.5
_bLAY-L
100 _aLay David C.
245 0 _aLinear Algebra and Its Applications
260 _bPearson Education
_aNew Delhi
_c2003
300 _a112
546 _aEng.
650 _aEngineering
_vSystems of Linear Equations , Vector Equations
942 _cBK
999 _c2095
_d2095